The whole pc family encyclopedia the definite resource for family computing (Record no. 582844)

000 -LEADER
fixed length control field 00526nam a22001817a 4500
003 - CONTROL NUMBER IDENTIFIER
control field CEME
005 - DATE AND TIME OF LATEST TRANSACTION
control field 20210628205938.0
008 - FIXED-LENGTH DATA ELEMENTS--GENERAL INFORMATION
fixed length control field 210209b xxu||||| |||| 00| 0 eng d
020 ## - INTERNATIONAL STANDARD BOOK NUMBER
International Standard Book Number 0-9648094-0-0
040 ## - CATALOGING SOURCE
Transcribing agency .
082 ## - DEWEY DECIMAL CLASSIFICATION NUMBER
Classification number 004.16 LOC
100 ## - MAIN ENTRY--PERSONAL NAME
Personal name Lock, Robert.C
9 (RLIN) 77590
245 ## - TITLE STATEMENT
Title The whole pc family encyclopedia the definite resource for family computing
260 ## - PUBLICATION, DISTRIBUTION, ETC.
Place of publication, distribution, etc. USA
Name of publisher, distributor, etc. PC PRESS
Date of publication, distribution, etc. 1995
300 ## - PHYSICAL DESCRIPTION
Extent 302P
650 ## - SUBJECT ADDED ENTRY--TOPICAL TERM
Topical term or geographic name entry element PERSONAL COMPUTER ECNCYCLOPEDIA COMPUTER FAMILY ENCYCLOPEDIA
9 (RLIN) 77591
942 ## - ADDED ENTRY ELEMENTS (KOHA)
Koha item type Book
Source of classification or shelving scheme

No items available.

© 2023 Central Library, National University of Sciences and Technology. All Rights Reserved.